000
00292nam a22001337a 4500
008
170228b xxu||||| |||| 00| 0 eng d
020
_a
0915099098
041
_a
eng
080
_a
61
100
_a
3
101
_a
SHM
245
_a
NATURAL HEALING ENCYCLOPEDIA
_c
FAILES, J.M
942
_2
udc
_c
BK
999
_c
6387
_d
6387